000 00389nam a2200169Ia 4500
001 2814
003 IN-NITTTR
005 20251114232936.0
008 251113s9999||||xx |||||||||||||| ||eng||
040 _beng
040 _cIN-NITTTR
041 _aeng
082 _a621.37 H24E
100 _aHarris, Forest K.
245 0 _aElectrical measurements. /
_cHarris, Forest K.
942 _2ddc
_cBK
999 _c4485
_d4485